Countries with Maltese embassies - Statistics

General Stats
  • This quiz has been taken 70 times
  • The average score is 21 of 27
Answer Stats
Continent Country % Correct
Europe France
97%
Europe Italy
95%
North America United States of America
95%
Oceania Australia
93%
Africa Algeria
92%
Asia China
92%
North America Canada
90%
Africa Egypt
90%
Europe Germany
90%
Asia/ Europe Turkey
90%
Asia/ Europe Russia
88%
Europe Spain
86%
Africa Tunisia
86%
Europe Greece
85%
Europe Belgium
83%
Africa Libya
83%
Europe Austria
78%
Asia India
76%
Europe Denmark
69%
Asia Israel
69%
Europe Portugal
68%
Europe Ireland
64%
Europe Poland
64%
Europe the Netherlands
64%
Asia United Arab Emirates
49%
Asia Saudi Arabia
39%
Asia Palestine
8%
No matching quizzes found
Score Distribution
Percent of People with Each Score
Percentile by Number Answered
Your Score History
You have not taken this quiz